000
00318nam a2200133Ia 4500
005
20251222155042.0
008
251222s9999||||xx |||||||||||||| ||spa||
082
_a
SIC.42
100
_a
Universidad el Pacífico.
245
0
_a
Autoevaluzción institucional
250
_a
1ra. ed.
264
_b
No tiene
942
_c
LIB
999
_c
36975
_d
36975